00279nam a2200121Ia 45000030006000000080041000060400015000471000018000622450029000802600019001095460012001280050017001400STCL150530s9999 xx 000 0 und d aSTCLcSTCL aAldous Huxley aStories essays and poems bJ.M.Dentc1937 aEnglish20220125170650.0